[Event "IECG CP.2008.P.00006 email"]
[Site "IECG email"]
[Date "2008.10.01"]
[Round "?"]
[White "Platt, Andrew"]
[Black "James, Michael"]
[Result "1-0"]
[WhiteElo "1361"]
[BlackElo "1768"]
[PlyCount "35"]
[EventDate "2008.10.01"]
[EventType "tourn (corr)"]
[EventRounds "6"]
[EventCountry "ARG"]
[SourceTitle "Corr 2024"]
[Source "ChessBase"]
[SourceDate "2023.10.19"]
[SourceVersion "1"]
[SourceVersionDate "2023.10.19"]
[SourceQuality "1"]

1. e4 d6 2. d4 Nf6 3. Nc3 g6 4. Be3 Bg7 5. Qd2 Nc6 6. f3 0-0 7. Nge2 Bd7 8. 0-0-0 a5 9. g4 a4 10. g5 Ne8 11. a3 Na5 12. Nf4 b6 13. h4 c5 14. dxc5 bxc5 15. Bxc5 Rc8 16. Bb4 Nc6 17. Ba6 Rb8 18. h5 1-0

[Event "IECG CD.2008.0.00127 email"]
[Site "IECG email"]
[Date "2008.08.06"]
[Round "?"]
[White "Michos, Dionyssios"]
[Black "Platt, Andrew"]
[Result "1/2-1/2"]
[WhiteElo "1518"]
[BlackElo "1361"]
[PlyCount "143"]
[EventDate "2008.08.06"]
[EventType "tourn (corr)"]
[EventRounds "5"]
[SourceTitle "Corr 2024"]
[Source "ChessBase"]
[SourceDate "2023.10.19"]
[SourceVersion "1"]
[SourceVersionDate "2023.10.19"]
[SourceQuality "1"]

1. d4 d5 2. c4 dxc4 3. Nf3 Nf6 4. e3 Bg4 5. Bxc4 e6 6. h3 Bh5 7. Nc3 a6 8. g4 Bg6 9. Ne5 Nbd7 10. Nxg6 hxg6 11. Bf1 c5 12. Bg2 cxd4 13. exd4 Qc7 14. 0-0 Bb4 15. g5 Nh5 16. d5 Bxc3 17. dxe6 fxe6 18. bxc3 Nc5 19. Qc2 Kf7 20. f4 Rad8 21. Rf3 Rd7 22. Be3 Nd3 23. Rd1 Rhd8 24. Qb1 b5 25. a4 bxa4 26. Bb6 Ndxf4 27. Rdf1 Qd6 28. Bxd8 Rxd8 29. Qe4 e5 30. Qxa4 Qc5+ 31. R1f2 a5 32. Qa2+ Kf8 33. Kh2 Qc7 34. Bf1 Rd6 35. Bb5 Ke7 36. Re3 Rd5 37. Ba4 Rd8 38. Bc2 Qc5 39. Ref3 Rd6 40. Qa4 Kd8 41. Be4 Ke7 42. Rb2 Rb6 43. Ra2 Rd6 44. Qb3 Ne6 45. Qb7+ Nc7 46. Qb8 Nf4 47. Qg8 Ne8 48. Rb2 Qc8 49. Qb3 Qc5 50. Rbf2 Kd7 51. Bc2 Ke7 52. Qa2 Rd8 53. Bxg6 Nd6 54. Qc2 Rh8 55. Bh7 a4 56. g6 Ra8 57. Qa2 Nc4 58. Qb1 Qd5 59. Qf5 Rf8 60. Qc2 a3 61. Qb3 Ra8 62. Rg3 Ke6 63. Ra2 e4 64. h4 e3 65. Rg4 e2 66. Rxe2+ Nxe2 67. Rxc4 Qd6+ 68. Rf4+ Ke5 69. Rf2 Qd3 70. Rg2 a2 71. Bg8 Rxg8 72. Rg5+ 1/2-1/2

[Event "IECG CE.2007.0.00102 email"]
[Site "IECG email"]
[Date "2007.06.24"]
[Round "?"]
[White "Platt, Andrew"]
[Black "Recio, Luis"]
[Result "1-0"]
[WhiteElo "1293"]
[BlackElo "1325"]
[PlyCount "137"]
[EventDate "2007.06.24"]
[EventType "tourn (corr)"]
[EventRounds "6"]
[SourceTitle "Corr 2024"]
[Source "ChessBase"]
[SourceDate "2023.10.19"]
[SourceVersion "1"]
[SourceVersionDate "2023.10.19"]
[SourceQuality "1"]

1. e4 c5 2. Nf3 Nc6 3. d4 cxd4 4. Nxd4 d6 5. c4 Nf6 6. Nc3 e6 7. Be2 Be7 8. 0-0 0-0 9. Be3 a6 10. Rc1 Bd7 11. f4 Nxd4 12. Qxd4 Bc6 13. Rfd1 Rc8 14. b4 Qe8 15. b5 axb5 16. cxb5 Bd7 17. e5 Nd5 18. Nxd5 exd5 19. Rxc8 Bxc8 20. Qxd5 dxe5 21. fxe5 Be6 22. Qxb7 Bxa2 23. Qc6 Qxc6 24. bxc6 Rc8 25. Rd7 Bd8 26. Ba6 Rb8 27. Ba7 Rb1+ 28. Kf2 Rb2+ 29. Be2 Ba5 30. c7 Bxc7 31. Rxc7 Be6 32. Re7 h6 33. Bd4 Ra2 34. Ke3 g6 35. Re8+ Kg7 36. Bf3 Ra5 37. Ra8 Rb5 38. h4 Rb3+ 39. Kf4 Rb4 40. Rd8 Rc4 41. g4 Rb4 42. Be4 Ra4 43. g5 h5 44. Bc6 Rc4 45. Rd6 Rc1 46. Bf3 Rb1 47. Be3 Rf1 48. Kg3 Re1 49. Bf2 Rf1 50. Be4 Ra1 51. Rd2 Ra5 52. Bd4 Ra4 53. Kf4 Ra3 54. Bf3 Ra4 55. Be4 Ra3 56. Bc5 Rh3 57. Bf2 Rc3 58. Bd5 Rc7 59. Bxe6 fxe6 60. Kf3 Kf7 61. Rd4 Kg7 62. Rf4 Rc3+ 63. Ke4 Rc4+ 64. Bd4 Rc1 65. Rf6 Rc6 66. Kd3 Ra6 67. Bc5 Ra4 68. Rxe6 Rxh4 69. Re7+ 1-0

[Event "IECG CE.2006.0.00098 email"]
[Site "IECG email"]
[Date "2006.08.27"]
[Round "?"]
[White "Gannon, John"]
[Black "Platt, Andrew"]
[Result "0-1"]
[WhiteElo "1200"]
[BlackElo "1262"]
[PlyCount "50"]
[EventDate "2006.08.27"]
[EventType "tourn (corr)"]
[EventRounds "6"]
[SourceTitle "Corr 2011"]
[Source "ChessBase"]
[SourceDate "2010.08.31"]
[SourceVersion "1"]
[SourceVersionDate "2010.08.31"]
[SourceQuality "1"]

1. e4 e5 2. Nf3 Nc6 3. Bb5 a6 4. Ba4 Nf6 5. 0-0 b5 6. Bb3 Be7 7. Re1 0-0 8. c3 d6 9. h3 Bb7 10. Bc2 Qd7 11. d4 exd4 12. Nxd4 Nxd4 13. cxd4 c5 14. d5 Bd8 15. Re3 Re8 16. a4 c4 17. a5 Bc7 18. Bd2 Re5 19. Bb4 Rae8 20. Nc3 Bb8 21. Qd2 Ba7 22. Re2 Qc7 23. Rae1 Nh5 24. Kh2 g5 25. g3 Bc8 0-1

[Event "IECG CE.2006.0.00098 email"]
[Site "IECG email"]
[Date "2006.08.27"]
[Round "?"]
[White "Humphris, Graham"]
[Black "Platt, Andrew"]
[Result "0-1"]
[WhiteElo "1250"]
[BlackElo "1262"]
[PlyCount "28"]
[EventDate "2006.08.27"]
[EventType "tourn (corr)"]
[EventRounds "6"]
[SourceTitle "Corr 2024"]
[Source "ChessBase"]
[SourceDate "2023.10.19"]
[SourceVersion "1"]
[SourceVersionDate "2023.10.19"]
[SourceQuality "1"]

1. e4 e5 2. Nf3 Nc6 3. Bb5 a6 4. Bxc6 dxc6 5. 0-0 Bg4 6. h3 h5 7. d3 Qf6 8. hxg4 hxg4 9. Bg5 Qg6 10. Nxe5 Qh5 11. f4 Bc5+ 12. d4 g3 13. Qxh5 Bxd4+ 14. Rf2 gxf2+ 0-1

[Event "IECG CE.2006.0.00098 email"]
[Site "IECG email"]
[Date "2006.08.27"]
[Round "?"]
[White "Trevis, Robert R"]
[Black "Platt, Andrew"]
[Result "0-1"]
[WhiteElo "1319"]
[BlackElo "1262"]
[PlyCount "102"]
[EventDate "2006.08.27"]
[EventType "tourn (corr)"]
[EventRounds "6"]
[SourceTitle "Corr 2011"]
[Source "ChessBase"]
[SourceDate "2010.08.31"]
[SourceVersion "1"]
[SourceVersionDate "2010.08.31"]
[SourceQuality "1"]

1. e4 e5 2. d4 exd4 3. Nf3 Bb4+ 4. c3 dxc3 5. Nxc3 Nf6 6. e5 Ne4 7. Qd4 Bxc3+ 8. bxc3 d5 9. exd6 0-0 10. Qxe4 Re8 11. Ne5 cxd6 12. Bf4 dxe5 13. Rd1 Qh4 14. g3 Qg4 15. Be2 Qf5 16. Qxf5 Bxf5 17. Bxe5 Nc6 18. Bf4 Re7 19. Be3 Rae8 20. 0-0 a6 21. Rfe1 Ne5 22. Rd4 Bd7 23. a3 Bc6 24. Rf4 b5 25. h3 f6 26. Rd1 Rd7 27. Rxd7 Bxd7 28. Kg2 Rc8 29. Bd4 Ng6 30. Rf3 Bc6 31. Kf1 Bxf3 32. Bxf3 Rc7 33. Bd5+ Kf8 34. f4 Ke7 35. Bg8 h6 36. Bd5 Kd6 37. Be4 Nf8 38. f5 Nd7 39. Ke2 Ne5 40. g4 Rc4 41. Ke3 Ra4 42. Kf4 Rxa3 43. Bb7 Kc7 44. Bd5 a5 45. h4 Kd6 46. Bg8 a4 47. h5 Nc6 48. Ke4 Nxd4 49. Kxd4 Ra1 50. c4 b4 51. c5+ Kc7 0-1

[Event "IECG CP.2005.P.00125"]
[Site "IECG email"]
[Date "2005.10.01"]
[Round "?"]
[White "Platt, Andrew"]
[Black "Duro Sole, Ramon"]
[Result "1/2-1/2"]
[WhiteElo "1302"]
[BlackElo "1800"]
[PlyCount "124"]
[EventDate "2005.10.01"]
[EventType "tourn (corr)"]
[EventRounds "6"]
[SourceTitle "Corr 2008"]
[Source "ChessBase"]
[SourceDate "2008.06.24"]
[SourceVersion "1"]
[SourceVersionDate "2008.06.24"]
[SourceQuality "1"]

1. e4 c5 2. Nf3 Nc6 3. d4 cxd4 4. Nxd4 Nf6 5. Nc3 e5 6. Ndb5 d6 7. Bg5 a6 8. Na3 b5 9. Bxf6 gxf6 10. Nd5 f5 11. Bd3 Be6 12. 0-0 Bxd5 13. exd5 Ne7 14. c3 Bg7 15. Qh5 e4 16. Bc2 Qc8 17. Rae1 0-0 18. Bb3 Ng6 19. Nc2 Nf4 20. Qg5 Nd3 21. Ne3 h6 22. Qh5 Re8 23. Nxf5 Re5 24. Nxh6+ Bxh6 25. Qxh6 Nxe1 26. Rxe1 Qf8 27. Qh4 Qe7 28. Qg3+ Rg5 29. Rxe4 Qxe4 30. Qxg5+ Kh7 31. Qh5+ Kg7 32. Qd1 Re8 33. Kf1 Re5 34. f3 Qh4 35. h3 a5 36. a3 a4 37. Bc2 Qg5 38. Be4 Qf4 39. Bc2 Kf8 40. Kf2 Qh4+ 41. Kf1 Qc4+ 42. Bd3 Rxd5 43. Ke2 Qf4 44. Qd2 Qg3 45. Kd1 f5 46. Qe2 f4 47. Qd2 Kg7 48. Qe2 Re5 49. Qf1 Qg5 50. h4 Qh5 51. Kc2 Qf7 52. Be4 b4 53. cxb4 d5 54. Bd3 Qc7+ 55. Kd2 Qa7 56. Bb5 Re3 57. Kc2 Kf8 58. Kb1 Qh7+ 59. Ka1 Qxh4 60. Ka2 Qe1 61. Qxe1 Rxe1 62. Bxa4 Ke7 1/2-1/2

[Event "IECG CN.2004.0.00383 email"]
[Site "IECG email"]
[Date "2004.12.10"]
[Round "?"]
[White "De Booy, Marco"]
[Black "Platt, Andrew"]
[Result "0-1"]
[WhiteElo "981"]
[BlackElo "800"]
[PlyCount "116"]
[EventDate "2004.12.10"]
[EventType "tourn (corr)"]
[EventRounds "6"]
[SourceTitle "Corr 2008"]
[Source "ChessBase"]
[SourceDate "2008.06.24"]
[SourceVersion "1"]
[SourceVersionDate "2008.06.24"]
[SourceQuality "1"]

1. e4 e5 2. Nf3 Nc6 3. Bb5 a6 4. Ba4 Nf6 5. 0-0 Be7 6. Re1 b5 7. Bb3 0-0 8. c3 Bb7 9. d4 d6 10. a4 Re8 11. Ng5 Rf8 12. d5 Na5 13. Bc2 Nc4 14. b3 Na5 15. Bd3 c6 16. axb5 axb5 17. c4 bxc4 18. bxc4 h6 19. Nf3 Ba6 20. Qe2 Nb3 21. Ra3 Nxc1 22. Rxc1 Qc7 23. Rac3 Rfb8 24. Nbd2 Rb2 25. R3c2 Rab8 26. Rxb2 Rxb2 27. Rc2 Rxc2 28. Bxc2 cxd5 29. exd5 Nxd5 30. g3 Nb6 31. Qe4 g6 32. h4 Bxc4 33. h5 d5 34. Qg4 e4 35. Nd4 Bc5 36. N2b3 Bxb3 37. Bxb3 Bxd4 38. hxg6 fxg6 39. Qxg6+ Qg7 40. Qxe4 Qxg3+ 41. Kh1 Qxb3 42. Qxd4 Qf3+ 43. Kg1 Nc4 44. Qc5 Qg4+ 45. Kh2 Qf4+ 46. Kg1 Qg5+ 47. Kh2 Nd2 48. Qc8+ Kf7 49. Qd7+ Kg6 50. Qe8+ Kf5 51. Qd7+ Kf4 52. Qf7+ Qf5 53. Qc7+ Qe5 54. Qf7+ Kg4+ 55. Kg2 Qe4+ 56. Kg1 Qe1+ 57. Kg2 Qf1+ 58. Kh2 Qh3+ 0-1